Coleccion de lo perteneciente al ramo de la rubia ò granza en España (Record no. 152954)

MARC details
000 -LEADER
campo de control de longitud fija 01366nam a2200241 i 4500
001 - NÚMERO DE CONTROL
campo de control 152954
003 - IDENTIFICADOR DE NÚMERO DE CONTROL
campo de control ES-MaACL
005 - FECHA Y HORA DE LA ÚLTIMA TRANSACCIÓN
campo de control 20230906204939.0
008 - DATOS DE LONGITUD FIJA--INFORMACIÓN GENERAL
campo de control de longitud fija 931025s1779 sp ax |||| | spa d
100 1# - ENTRADA PRINCIPAL--NOMBRE DE PERSONA
Nombre de persona Canals y Martí, Juan Pablo.
9 (RLIN) 34420
245 10 - MENCIÓN DEL TÍTULO
Título Coleccion de lo perteneciente al ramo de la rubia ò granza en España
Resto del título : en que se contienen varias Cedulas Reales, Ordenanzas, Memorias e Instrucciones relativas a la perfeccion, fomento y arreglo del cultivo, beneficio y comercio de esta planta : con los destinos antiguos y modernos en la tintura ... /
Mención de responsabilidad, etc. dase al publico formada y aumentada ... por don Juan Pablo Canals y Martí ...
260 ## - PUBLICACIÓN, DISTRIBUCIÓN, ETC.
Lugar de publicación, distribución, etc. En Madrid :
Nombre del editor, distribuidor, etc. en la Imprenta de Blas Roman,
Fecha de publicación, distribución, etc. 1779.
300 ## - DESCRIPCIÓN FÍSICA
Extensión [2], XLVI, 185, [1] p., [1] h. de grab. ;
Dimensiones 4º.
530 ## - NOTA DISPONIBLE DE FORMULARIO FÍSICO ADICIONAL
Nota de formato físico adicional disponible Disponible en formato digital.
597 ## - NOTA DE DESCRIPCIÓN FÍSICA
NOTA DE DESCRIPCIÓN FÍSICA Sign.: [ ]², a-e4, f², A-Y4, Z6-¹.
597 ## - NOTA DE DESCRIPCIÓN FÍSICA
NOTA DE DESCRIPCIÓN FÍSICA Antep. con esc. xil.
599 #1 - NOTA A LAS ILUSTRACIONES
NOTA A LAS ILUSTRACIONES La lámina es un grabado calcográfico: "Josef Muntanér la gravó", de la planta Rubia Tinctorum sativa, Rubia ó Granza.
650 #4 - PUNTO DE ACCESO ADICIONAL DE MATERIA--TÉRMINO DE MATERIA
Término de materia o nombre geográfico como elemento de entrada Plantas tintóreas.
9 (RLIN) 136710
650 #4 - PUNTO DE ACCESO ADICIONAL DE MATERIA--TÉRMINO DE MATERIA
Término de materia o nombre geográfico como elemento de entrada Industria textil-
Subdivisión de forma Obras anteriores a 1800.
9 (RLIN) 154024
700 1# - ENTRADA AGREGADA--NOMBRE PERSONAL
Nombre de persona Muntaner, José (
Fechas asociadas al nombre ca. 1745-1788)
9 (RLIN) 155245
852 ## - LOCALIZACIÓN
Ubicación ES-MaACL
Número de control de estantería R-3429(8)
Nota libre -- Enc. pasta
856 ## - LOCALIZACIÓN Y ACCESO ELECTRÓNICOS
Identificador Uniforme de Recursos <a href="http://bdh-rd.bne.es/viewer.vm?id=0000110697&page=1 ">http://bdh-rd.bne.es/viewer.vm?id=0000110697&page=1 </a>
Nota pública Biblioteca Digital Hispánica
Holdings
Estatus retirado Estado de pérdida Estado de daño No para préstamo Colección Biblioteca de origen Biblioteca actual Ubicación en estantería Fecha de adquisición Fuente de adquisición Total de préstamos Signatura topográfica completa Código de barras Visto por última vez Precio de reemplazo Tipo de ítem Koha
        Colección digital Biblioteca del Ateneo de Madrid Biblioteca del Ateneo de Madrid Depósito 17/01/2008     R-3429(8) 1159770 23/02/2023 23/02/2023 Libro impreso antiguo